书目信息 |
| 题名: |
刘罗锅传奇
|
|
| 作者: | 殷文硕 著 | |
| 分册: | ||
| 出版信息: | 郑州 河南人民出版社 1996.05 |
|
| 页数: | 270页 | |
| 开本: | 32开 | |
| 丛书名: | ||
| 单 册: | ||
| 中图分类: | I247.3 | |
| 科图分类: | ||
| 主题词: | 小说--中国 | |
| 电子资源: | ||
| ISBN: | 7-215-03700-2 | |
| 000 | 00532nam0 2200193 45 | |
| 001 | 0005311673 | |
| 005 | 20000531162224.4 | |
| 010 | @a7-215-03700-2@d13.50元 | |
| 100 | @a20000531d1996 km y0chiy0120 ea | |
| 101 | @achi | |
| 105 | @a z 000yy | |
| 200 | 1 | @a刘罗锅传奇@ALiu Luo Guo Chuan Qi@f殷文硕著@FYin Wen Shuo Zhu |
| 210 | @a郑州@c河南人民出版社@d1996.05 | |
| 215 | @a270页@d32开 | |
| 606 | 0 | @a小说@x中国 |
| 690 | @aI247.3@v3 | |
| 701 | @a殷文硕@4著 | |
| 801 | @aCN@bPftUser@c20000531 | |
| 905 | @f3@b57321-323@dI247.3@eY797 | |
| 刘罗锅传奇/殷文硕著.-郑州:河南人民出版社,1996.05 |
| 270页;32开 |
| ISBN 7-215-03700-2:13.50元 |
| ● |
| 相关链接 |
|
|
|
正题名:刘罗锅传奇
索取号:I247.3/Y797
 
预约/预借
| 序号 | 登录号 | 条形码 | 馆藏地/架位号 | 状态 | 备注 |
| 1 | 57321 | 200573218 | 文学库108/ [索取号:I247.3/Y797] | 在馆 | |
| 2 | 57322 | 200573227 | 文学库108/ [索取号:I247.3/Y797] | 在馆 | |
| 3 | 57323 | 200573236 | 社科二线422/422社科库 5排1列2层/ [索取号:I247.3/Y797] | 在馆 |